|
|
|
|
| LEADER |
01997njm a2200481 a 4500 |
| 001 |
000267159 |
| 003 |
CZ BrMZK |
| 005 |
20070731072419.0 |
| 008 |
950101s1995 xr f cze d |
| 028 |
0 |
3 |
|a SU 5084-4 801
|b Supraphon Records
|
| 040 |
|
|
|a BOA001
|b cze
|
| 072 |
|
7 |
|a 821-93
|x Literatura pro děti a mládež (beletrie)
|2 Konspekt
|9 26
|
| 072 |
|
7 |
|a 821.162.3-3
|x Česká próza
|2 Konspekt
|9 25
|
| 080 |
|
|
|a 821.162.3-34
|2 MRF
|
| 080 |
|
|
|a (0:82-34)398.21
|2 MRF
|
| 080 |
|
|
|a (086.7.053.2)
|2 MRF
|
| 080 |
|
|
|a (086.7)
|2 MRF
|
| 100 |
1 |
|
|a Erben, Karel Jaromír,
|d 1811-1870
|7 jk01030532
|4 cmp
|
| 245 |
1 |
0 |
|a O žabce královně ;
|b Jabloňová panna ; O třech přadlenách
|h [zvukový záznam] /
|c Karel Jaromír Erben.
|
| 246 |
1 |
4 |
|a O žabce královně a 2 další pohádky K.J. Erbena
|
| 260 |
|
|
|a Praha :
|b Supraphon Records,
|c p1974, 1972, p1995
|
| 300 |
|
|
|a 1 MC :
|b mono, Dolby systém +
|e 1 složený list.
|
| 490 |
1 |
|
|a Pohádky pod polštář
|
| 500 |
|
|
|a Nahr. 1966, 1974, 1972
|
| 500 |
|
|
|a Durata neuv
|
| 511 |
0 |
|
|a Účinkují: Antonín Zíb; Viola Zinková; Emil Kadeřávek ... [et al.].
|
| 655 |
|
7 |
|a české pohádky
|7 fd133970
|2 czenas
|
| 655 |
|
4 |
|a lidové pohádky
|
| 655 |
|
7 |
|a zvukové záznamy pro děti a mládež
|7 fd186726
|2 czenas
|
| 655 |
|
7 |
|a zvukové kazety
|7 fd186720
|2 czenas
|
| 700 |
1 |
|
|a Sedláčková, Dagmar,
|d 1927-2004
|7 jk01110532
|4 prf
|
| 700 |
1 |
|
|a Zíb, Antonín,
|d 1902-1972
|7 xx0012290
|4 prf
|
| 700 |
1 |
|
|a Zinková, Viola,
|d 1925-2017
|7 jn19990210844
|4 prf
|
| 700 |
1 |
|
|a Švec, Vladimír
|7 jx20040413061
|4 prf
|
| 700 |
1 |
|
|a Charvátová, Julie,
|d 1912-1994
|7 jn20000400384
|4 prf
|
| 700 |
1 |
|
|a Cikrle, Karel,
|d 1935-
|7 kpwa5822
|4 prf
|
| 700 |
1 |
|
|a Höger, Karel,
|d 1909-1977
|7 jk01041587
|4 prf
|
| 740 |
0 |
2 |
|a Jabloňová panna
|
| 740 |
0 |
2 |
|a O třech přadlenách
|
| 830 |
|
0 |
|a Pohádky pod polštář
|
| 910 |
|
|
|a BOA001
|b KZ-0003.273
|
| 990 |
|
|
|a AV
|
| 996 |
6 |
|
|b 261H003309
|c KZ-0003.273
|l MZK
|r Sklad / do 24 hodin
|n 0
|w 000267159
|u 000010
|a 1
|e BOA001
|j MZK50
|s P
|